| 000 | 00487nam a2200145 i 4500 | ||
|---|---|---|---|
| 001 | 183315 | ||
| 003 | ES-MaACL | ||
| 005 | 20230906221849.0 | ||
| 008 | 140317s1914 sp |||| | spa d | ||
| 110 | 2 |
_aCaja de Ahorros y Monte de Piedad de Alicante. _9154574 |
|
| 245 | 1 | 0 |
_aMemoria y cuenta general _b: año 1914 / _cCaja de Ahorros y Monte de Piedad de Alicante. |
| 260 |
_a[S.l. : _bs.n., _c1914?] |
||
| 300 |
_a18, [22] p., [2] h. pleg. ; _c25 cm. |
||
| 852 |
_aES-MaACL _jT-1439-F-7 |
||
| 999 |
_c183315 _d183315 |
||